000 00292nam a22001217a 4500
008 181217b xxu||||| |||| 00| 0 eng d
041 _aeng
080 _a510
100 _a38
101 _aMAT
245 _aBeginning Algebra With Applications Visualization
_cGary.k.R
942 _2udc
_cBK
999 _c53220
_d53220